LEADER 00918nam0-22003131i-450- 001 990002029940403321 005 20090417134341.0 010 $a90-6193-575-X 035 $a000202994 035 $aFED01000202994 035 $a(Aleph)000202994FED01 035 $a000202994 100 $a20030910d1986----km-y0itay50------ba 101 0 $aeng 200 1 $aAtlas of Trichoptera of the South West Pacific-Australian region$fArturs Neboiss 210 $aDordrecht$cJunk$d1986 215 $a286 p.$d31 cm 225 1 $aSeries Entomologica$v37 610 0 $aTricotteri 610 0 $aTrichoptera 676 $a595.745099 700 1$aNeboiss,$bArturs$086236 801 0$aIT$bUNINA$gRICA$2UNIMARC 901 $aBK 912 $a990002029940403321 952 $a61 IV B.7/13$b2681 (16/01/91)$fDAGEN 959 $aDAGEN 996 $aAtlas of Trichoptera of the South West Pacific-Australian region$9404952 997 $aUNINA LEADER 01029nam a2200313 i 4500 001 991000831289707536 005 20020507102031.0 008 960310s1980 it ||| | ita 035 $ab10135716-39ule_inst 035 $aLE00637571$9ExL 040 $aDip.to Fisica$bita 082 0 $a925 084 $a53(091) 084 $a53(092) 100 1 $aBorn, Max$0306662 245 10$aAutobiografia di un fisico /$cMax Born ; introduzione di Edoardo Amaldi 260 $aRoma :$bEditori Riuniti,$c1980 300 $a435 p. ;$c22 cm 490 0 $aBiografie ;$v4 500 $aTrad. di Paolo Camiz 700 1 $aCamiz, P. 700 1 $aAmaldi, Edoardo 740 0 $aMy life [Tit. orig.] 907 $a.b10135716$b17-02-17$c27-06-02 912 $a991000831289707536 945 $aLE006 53(08+092) BOR$g1$i2006000038720$lle006$o-$pE0.00$q-$rl$s- $t0$u0$v0$w0$x0$y.i10160176$z27-06-02 996 $aMy life. Recollections of a Nobel Laureate$916009 997 $aUNISALENTO 998 $ale006$b01-01-96$cm$da $e-$fita$git $h0$i1